000 01291cam a2200325 i 4500
001 17967791
003 EG-ScBUE
005 20240610101024.0
008 131209s2014 nyua f b f001 0 eng d
020 _a9781107679252
040 _aIEN/DLC
_beng
_erda
_cIEN
_dDLC
_dEG-ScBUE
043 _afb-----
082 0 4 _a967.031
_222
_bJAC
100 1 _aJacobs, Nancy Joy‏,
_eauthor.
245 1 0 _aAfrican history through sources /
_cNancy J. Jacobs, Brown University, Rhode Island.
264 1 _aNew York :
_bCambridge University Press,
_c2014.
300 _axv, 328 pages :
_billustrations ;
_c24 cm
336 _2rdacontent
_atext
_btxt
337 _aunmediated
_2rdamedia
_bn
338 _avolume
_bnc
_2rdacarrier
504 _aIncludes bibliographical references and index.
505 1 _aVolume 1. Colonial contexts and everyday experiences, c. 1850-1946.
520 _aA collection of primary source documents on sub-Saharan Africa during the colonial period.
651 7 _aAfrica, Sub-Saharan
_xHistory
_y1884-1960
_vSources.
_2BUEsh
_940006
651 7 _aAfrica, Sub-Saharan
_xSocial conditions
_vSources.
_2BUEsh
_940005
653 _bBUSBOL
_cMay2016
655 _vReading book
700 1 _aJacobs, Nancy Joy,
_eeditor of compilation,
_ewriter of added commentary.
942 _2ddc
_cBB
999 _c21766
_d21738